| 000 | 00384cam a2200157ua 4500 | ||
|---|---|---|---|
| 041 |
_aeng _h |
||
| 082 |
_a530.14 _bBAR/MI |
||
| 100 | _aBarlow, H.M . | ||
| 245 |
_aMicro waves and wave guides / _cH.M.Barlow. _hTextual Documents |
||
| 250 |
_a1 / _b. |
||
| 260 |
_a : _bConstable and Company Ltd , _c1947. |
||
| 300 | _a122 ; . | ||
| 504 | _a | ||
| 942 | _cBK | ||
| 999 |
_c2384 _d2384 |
||